Petroleum reservoir engineering : (Record no. 19030)
[ view plain ]
| 000 -LEADER | |
|---|---|
| fixed length control field | 00978cam a22002895a 4500 |
| 001 - CONTROL NUMBER | |
| control field | 7950824 |
| 005 - DATE AND TIME OF LATEST TRANSACTION | |
| control field | 20151203154124.0 |
| 008 - FIXED-LENGTH DATA ELEMENTS--GENERAL INFORMATION | |
| fixed length control field | 760916s2014 ii a frb 001 0 eng d |
| 020 ## - INTERNATIONAL STANDARD BOOK NUMBER | |
| International Standard Book Number | 9789339204006 |
| 020 ## - INTERNATIONAL STANDARD BOOK NUMBER | |
| International Standard Book Number | 933920400X |
| 040 ## - CATALOGING SOURCE | |
| Original cataloging agency | DLC |
| Transcribing agency | OTU |
| Modifying agency | OCoLC |
| -- | DLC |
| -- | EG-ScBUE |
| Language of cataloging | eng |
| 082 04 - DEWEY DECIMAL CLASSIFICATION NUMBER | |
| Classification number | 622.3382 |
| Edition number | 22 |
| Item number | AMY |
| 100 1# - MAIN ENTRY--PERSONAL NAME | |
| Personal name | Amyx, James W. |
| 9 (RLIN) | 38831 |
| 245 10 - TITLE STATEMENT | |
| Title | Petroleum reservoir engineering : |
| Remainder of title | physical properties / |
| Statement of responsibility, etc | James W. Amyx, Daniel M. Bass, Robert L. Whiting. |
| 250 ## - EDITION STATEMENT | |
| Edition statement | Indian ed. |
| 260 ## - PUBLICATION, DISTRIBUTION, ETC. (IMPRINT) | |
| Place of publication, distribution, etc | New Delhi : |
| Name of publisher, distributor, etc | McGraw-Hill Education (India) Private Limited, |
| Date of publication, distribution, etc | 2014. |
| 300 ## - PHYSICAL DESCRIPTION | |
| Extent | xix, 610 p. : |
| Other physical details | ill. ; |
| Dimensions | 24 cm. |
| 500 ## - GENERAL NOTE | |
| General note | Includes indexes. |
| 504 ## - BIBLIOGRAPHY, ETC. NOTE | |
| Bibliography, etc | Includes bibliographical references. |
| 650 #0 - SUBJECT ADDED ENTRY--TOPICAL TERM | |
| Topical term or geographic name as entry element | Oil fields. |
| Source of heading or term | BUEsh |
| 650 #0 - SUBJECT ADDED ENTRY--TOPICAL TERM | |
| Topical term or geographic name as entry element | Petroleum engineering. |
| Source of heading or term | BUEsh |
| 651 ## - SUBJECT ADDED ENTRY--GEOGRAPHIC NAME | |
| Source of heading or term | BUEsh |
| 653 ## - INDEX TERM--UNCONTROLLED | |
| Resource For college | Engineering, Petroleum |
| -- | Engineering, General |
| Arrived date list | March2015 |
| -- | December2015 |
| 700 1# - ADDED ENTRY--PERSONAL NAME | |
| Personal name | Bass, Daniel M. |
| Fuller form of name | (Daniel Materson), |
| Dates associated with a name | 1926- |
| 700 1# - ADDED ENTRY--PERSONAL NAME | |
| Personal name | Whiting, Robert L. |
| 942 ## - ADDED ENTRY ELEMENTS (KOHA) | |
| Source of classification or shelving scheme | Dewey Decimal Classification |
| Withdrawn status | Item status | Source of classification or shelving scheme | Damaged status | Not for loan | Vendor | Home library | Current library | Shelving location | Date acquired | Source of acquisition | Total Checkouts | Total Renewals | Full call number | Barcode | Date last seen | Date last borrowed | Koha item type | Cost, normal purchase price | Serial Enumeration / chronology | Cost, replacement price |
|---|---|---|---|---|---|---|---|---|---|---|---|---|---|---|---|---|---|---|---|---|
| Dewey Decimal Classification | Baccah | Central Library | Central Library | First floor | 14/03/2015 | 1 | 18 | 622.3382 AMY | 000037560 | 15/07/2025 | 10/02/2018 | Book - Borrowing | ||||||||
| Dewey Decimal Classification | Baccah | Central Library | Central Library | First floor | 19/08/2015 | Purchase | 2 | 27 | 622.3382 AMY | 000039712 | 15/07/2025 | 08/05/2024 | Book - Borrowing | 364.00 | 21761 | 455.00 |